Personnages - Le Roi Lion - Statistiques

Statistiques générales
  • Ce quiz a été pris 126 fois
  • Le résultat moyen est 12 sur 45
Statistiques - réponses
Réponse % Correct
Simba
100%
Nala
97%
Mufasa
94%
Scar
94%
Timon
88%
Rafiki
76%
Sarabi
74%
Zazu
73%
Ed
63%
Kiara
63%
Pumbaa
58%
Kovu
53%
Shenzi
51%
Banzaï
42%
Zira
35%
Sarafina
27%
Vitani
21%
Nuka
16%
Éléphants
9%
Gnous
9%
Hyènes
9%
Zèbres
9%
Girafes
8%
Rhinocéros
6%
Antilopes
5%
Autruches
4%
Gazelles
4%
Crocodile
3%
Insectes
3%
Singes
3%
Suricates
3%
Oiseaux
2%
Caméléons
1%
Flamants Roses
1%
Fourmis
1%
Guépard
1%
Vautours
1%
Abeilles
0%
Coccinelles
0%
Lionnes (Meute de Zira)
0%
Lions (De la Terre des Lions)
0%
Lucioles
0%
Lucioles
0%
Mère de Timon
0%
Oncle de Timon
0%
Aucun quiz correspondant
Distribution des résultats
% des personnes avec chaque résultat
Percentile par nombre de réponses
Votre historique - résultats
Vous n’avez pas pris ce quiz